A' Mi Urunk Jesus Kristusnak Ujj Testamentoma Magyar Nyelvre Fordittatott Károly Gáspár Által.

Bibliographic Details
Other Authors: Packo, František Augustín, 1732-1799 (Printer), Károly, Gáspár (Translator)
Format: Book
Language:Hungarian
PhysicalDescription:4 nečíslované strany, 764 strán 8° ; 17 cm
Subjects:

MARC

LEADER 00000nam a2200000 4500
001 vtls012224446
003 SK-MaSNL
005 20260302025627.0
008 230309s1790 xo a 0 0n0 hun
015 |a SNBHFA 
040 |a SNKHF  |b slo  |c SNKHF  |e rda 
041 0 |a hun 
043 |a e-xo--- 
044 |a xo  |c SK 
072 7 |a 2-1  |x Prirodzená teológia. Náboženská filozofia  |2 konspekt 
072 7 |a 2-23/-27  |x Biblia. Biblistika  |2 konspekt 
080 |a 2-1  |2 2011 
080 |a 27-246  |2 2011 
080 |a 2-27  |2 2011 
130 0 |a Mi  |9 612020 
245 1 2 |a A' Mi Urunk Jesus Kristusnak Ujj Testamentoma Magyar Nyelvre Fordittatott Károly Gáspár Által. 
246 3 0 |a Mi Urunk Jesus Kristusnak Ujj Testamentoma Magyar Nyelvre Fordittatott Károly Gáspár Által. 
264 3 |a Posonyban  |b Patzkó Ágoston Ferentznél  |c 1790 
300 |a 4 nečíslované strany, 764 strán  |c 8° ; 17 cm 
336 |a text  |b txt  |2 rdacontent 
337 |a bez média  |b n  |2 rdamedia 
338 |a zväzok  |b nc  |2 rdacarrier 
500 |a Frontispice, signet, vineta, vlys, ozdobná linka, zložky, kustody 
510 4 |a Bibliografia územne slovacikálnych tlačí 18. storočia  |c 6067 
546 |a Maďarčina 
563 |a Pôvodná väzba : hnedá koža so slepotlačovou výzdobou, spony.  |5 SNK SD 2366 
630 0 7 |a Biblia  |2 SNKPH  |9 17043 
650 0 7 |a slovaciká  |2 SNKPH  |9 71566 
650 0 7 |a biblistika  |2 SNKPH  |9 1798 
700 1 |a Packo, František Augustín,  |d 1732-1799  |4 prt  |9 158479 
700 1 |a Károly, Gáspár  |4 trl  |9 675189 
752 |a Slovensko  |d Bratislava 
852 |a snk  |p SD 2366 
958 |a DD 
958 |a ONDV 
999 |c 1044833  |d 1046763 
952 |a SNK  |b SNK  |y PREZ  |7 0  |p 17A0885200  |o snkSD 2366  |i snk232/30  |8 5  |0 0  |1 0  |4 0  |d 2023-03-09  |l 0  |r 2025-10-29 00:00:00  |w 2026-02-24